000 00287nam a22001337a 4500
003 SGT
082 _a616.5
_bR15M
100 _aMARKS, RONALD
245 _aROX BURGH'S COMMON SKIN DISEASES
260 _aLONDON
_bCRC
_c2015
300 _a365
650 _aDERMATOLOGY
942 _2ddc
_cBK
999 _c14622
_d14622